[Event "17th WCh U20 Girls"]
[Site "Yerevan ARM"]
[Date "1999.09.18"]
[Round "1"]
[White "Vajda, Szidonia"]
[Black "Sorokina, Anastasia"]
[Result "1-0"]
[WhiteElo "2397"]
[BlackElo "2162"]
[EventDate "1999.09.18"]
[PlyCount "91"]

1.e4 c5 2.Nf3 e6 3.d4 cxd4 4.Nxd4 Nf6 5.Nc3 Nc6 6.Be2 d6 7.O-O Be7 8.Kh1 
O-O 9.f4 a6 10.a4 Qc7 11.Bf3 Bd7 12.Nb3 Nb4 13.Be3 Bc6 14.Nd4 Rac8 15.Rf2 
Bd7 16.f5 e5 17.Nb3 d5 18.exd5 Bxf5 19.Rd2 Bd6 20.Bg5 Qc4 21.Nc1 Ng4 22.h3
Bxc2 23.Qe1 Nf6 24.Bxf6 Qf4 25.Be4 gxf6 26.Bxc2 e4 27.g3 Qf3+ 28.Kh2 Rxc3 
29.bxc3 Qxc3 30.Ne2 Qe3 31.Ng1 Qg5 32.Rg2 f5 33.Rc1 Kh8 34.Qc3+ f6 35.Ne2 
Na2 36.Qb2 Nxc1 37.Qxc1 e3 38.Qf1 f4 39.Nxf4 Re8 40.Ne6 e2 41.Qxe2 Qxd5 
42.Nf4 Qg8 43.Qh5 Re3 44.Qh6 Bxf4 45.gxf4 Qf7 46.Bxh7 1-0

[Event "17th WCh U20 Girls"]
[Site "Yerevan ARM"]
[Date "1999.09.18"]
[Round "1"]
[White "Kouvatsou, Maria"]
[Black "Goletiani, Rusudan"]
[Result "1-0"]
[WhiteElo "2152"]
[BlackElo "2386"]
[EventDate "1999.09.18"]
[PlyCount "51"]

1.e4 c5 2.Nf3 d6 3.c3 Nf6 4.Be2 Nc6 5.d4 cxd4 6.cxd4 Nxe4 7.d5 Qa5+ 8.Nc3 
Nxc3 9.bxc3 Ne5 10.Qd4 Nxf3+ 11.Bxf3 Bd7 12.O-O Qa4 13.Qe3 Bf5 14.Re1 Rc8 
15.Bd2 h5 16.Qg5 g6 17.Qf6 Rg8 18.Qxd6 Qd7 19.Qb4 b6 20.Bg5 Rc5 21.Rad1 
Bg4 22.Bxg4 Qxg4 23.h4 e6 24.Rd4 Qf5 25.dxe6 f6 26.Qa4+ 1-0

[Event "17th WCh U20 Girls"]
[Site "Yerevan ARM"]
[Date "1999.09.18"]
[Round "1"]
[White "Cmilyte, Viktorija"]
[Black "Matras, Agnieszka"]
[Result "1/2-1/2"]
[WhiteElo "2354"]
[BlackElo "2146"]
[EventDate "1999.09.18"]
[PlyCount "85"]

1.d4 d5 2.c4 c6 3.Nf3 Nf6 4.Nc3 dxc4 5.a4 Bf5 6.e3 e6 7.Bxc4 Bb4 8.O-O 
Nbd7 9.Nh4 Bg6 10.Qb3 a5 11.g3 Qb6 12.Bd2 O-O 13.Nxg6 hxg6 14.Rad1 Rad8 
15.Qc2 c5 16.Bc1 cxd4 17.exd4 Rc8 18.Qe2 Qc7 19.Bb5 Nb6 20.Bf4 Bd6 21.Bg5 
Be7 22.Rc1 Qd8 23.Bd2 Bb4 24.Bg5 Nbd5 25.Ne4 Qb6 26.Nxf6+ Nxf6 27.Rcd1 
Rfd8 28.Qf3 Be7 29.h4 Nd5 30.Bc1 Bf6 31.Qe4 Nc7 32.Bc4 Rxd4 33.Rxd4 Bxd4 
34.b3 Ne8 35.Ba3 Nf6 36.Qf3 Qc6 37.Qxc6 Rxc6 38.Rd1 Bb6 39.Kg2 Rc8 40.Bb2 
Ne4 41.f3 Nc5 42.Bd4 Re8 43.Bf2 1/2-1/2

[Event "17th WCh U20 Girls"]
[Site "Yerevan ARM"]
[Date "1999.09.18"]
[Round "1"]
[White "Tsitaishvili, Nino"]
[Black "Sheldon, Ruth"]
[Result "0-1"]
[WhiteElo "2142"]
[BlackElo "2310"]
[EventDate "1999.09.18"]
[PlyCount "94"]

1.Nf3 Nf6 2.b3 d5 3.Bb2 Bf5 4.e3 e6 5.Be2 h6 6.O-O Nbd7 7.c4 Bd6 8.d3 O-O 
9.Nc3 Bh7 10.cxd5 exd5 11.Qd2 a6 12.Rae1 Re8 13.a3 c5 14.Bd1 Qc7 15.h3 
Rac8 16.Bc2 b5 17.e4 Ne5 18.Nh4 d4 19.Nb1 c4 20.bxc4 bxc4 21.Bxd4 cxd3 22.
Bxd3 Nxd3 23.Qxd3 Rcd8 24.Rc1 Bh2+ 25.Kh1 Qf4 26.Qc3 Nxe4 27.Qb2 Rxd4 28.
Nf3 Rd3 29.Nxh2 Nd2 30.Nxd2 Rxd2 31.Qb6 Bd3 32.Nf3 Bxf1 33.Nxd2 Bxg2+ 34.
Kxg2 Qxd2 35.Qc6 Qg5+ 36.Kf1 Re6 37.Qc8+ Kh7 38.Qc5 Qf4 39.Qc2+ g6 40.Kg2 
Qg5+ 41.Kh2 Qe5+ 42.Kg1 Qg5+ 43.Kh1 Qd5+ 44.Kg1 Re5 45.h4 Re4 46.f3 Rxh4 
47.Qc5 Qxf3 0-1

[Event "17th WCh U20 Girls"]
[Site "Yerevan ARM"]
[Date "1999.09.18"]
[Round "1"]
[White "Mkrtchian, Lilit"]
[Black "Klimenko, Veronica"]
[Result "1-0"]
[WhiteElo "2295"]
[BlackElo "2100"]
[EventDate "1999.09.18"]
[PlyCount "63"]

1.e4 c6 2.d4 d5 3.e5 Bf5 4.Nf3 e6 5.Be2 Ne7 6.O-O Nd7 7.Be3 Qc7 8.Nbd2 f6 
9.exf6 gxf6 10.Nh4 O-O-O 11.c4 Rg8 12.Kh1 Bg6 13.Rc1 Nf5 14.Nxf5 Bxf5 15.
Bf3 Nb6 16.c5 Nd7 17.b4 Bd3 18.Re1 e5 19.Nb3 Bb5 20.a4 Bxa4 21.Ra1 b5 22.
cxb6 Nxb6 23.dxe5 Bxb3 24.Qxb3 fxe5 25.Ra6 Rg7 26.Bxb6 axb6 27.Rea1 Qd6 
28.Ra8+ Kd7 29.R8a7+ Ke8 30.Bh5+ Rg6 31.Rxh7 Qf6 32.Qg3 1-0

[Event "17th WCh U20 Girls"]
[Site "Yerevan ARM"]
[Date "1999.09.18"]
[Round "1"]
[White "Sahakian, Nonna"]
[Black "Slavina, Irina"]
[Result "1/2-1/2"]
[WhiteElo "2093"]
[BlackElo "2295"]
[EventDate "1999.09.18"]
[PlyCount "85"]

1.e4 c5 2.Nf3 Nc6 3.Nc3 d6 4.d4 cxd4 5.Nxd4 Nf6 6.Be2 g6 7.O-O Bg7 8.Be3 
O-O 9.f4 Bd7 10.Nb3 Qb8 11.Kh1 b5 12.e5 dxe5 13.Bxb5 Rd8 14.fxe5 Nxe5 15.
Bxd7 Rxd7 16.Qe2 Neg4 17.Bg1 Qe5 18.Qxe5 Nxe5 19.Rad1 Nc4 20.Na4 Rc7 21.c3
Ne4 22.Rfe1 f5 23.Nd4 e5 24.Ne6 Rb7 25.b3 Nb6 26.Nac5 Nxc5 27.Bxc5 Bf6 28.
Bd6 Nd7 29.Nc7 Rc8 30.Nd5 e4 31.Nxf6+ Nxf6 32.c4 Ng4 33.Kg1 g5 34.Rd5 Rf7 
35.h3 Nh6 36.g4 Re8 37.gxf5 Nxf5 38.Rf1 Nxd6 39.Rxd6 Rf4 40.c5 e3 41.c6 e2
42.Re1 Re7 43.Rd7 1/2-1/2

[Event "17th WCh U20 Girls"]
[Site "Yerevan ARM"]
[Date "1999.09.18"]
[Round "1"]
[White "Tkeshelashvili, Sopio"]
[Black "Zaksaite, Salomeja"]
[Result "1-0"]
[WhiteElo "2284"]
[BlackElo "2087"]
[EventDate "1999.09.18"]
[PlyCount "67"]

1.e4 c5 2.Nf3 e6 3.d3 Nc6 4.g3 Nge7 5.Bg2 Ng6 6.O-O Be7 7.Qe2 O-O 8.c3 d5 
9.h4 dxe4 10.dxe4 Re8 11.e5 Qc7 12.Re1 f6 13.exf6 Bxf6 14.Ng5 Nf8 15.Na3 
Qe7 16.Ne4 e5 17.Be3 Ne6 18.Qc4 Kh8 19.Nxc5 a6 20.Ne4 Qc7 21.Qe2 Bd7 22.
Nc4 b5 23.Nb6 Rad8 24.Nd5 Qc8 25.Ndxf6 gxf6 26.Nxf6 Rf8 27.Nxd7 Rxd7 28.
Bh6 Rf6 29.Bxc6 Qxc6 30.Qxe5 Qf3 31.Bf4 Kg7 32.Qe3 Qxe3 33.Bxe3 Kg6 34.
Rad1 1-0

[Event "17th WCh U20 Girls"]
[Site "Yerevan ARM"]
[Date "1999.09.18"]
[Round "1"]
[White "Stajic, Snezana"]
[Black "Gritsaeva, Oxana"]
[Result "1/2-1/2"]
[WhiteElo "2078"]
[BlackElo "2248"]
[EventDate "1999.09.18"]
[PlyCount "137"]

1.Nf3 Nf6 2.c4 g6 3.g3 Bg7 4.Bg2 O-O 5.O-O d5 6.cxd5 Nxd5 7.Nc3 Nb6 8.d4 
Nc6 9.d5 Nb4 10.e4 c6 11.a3 Na6 12.dxc6 bxc6 13.Qc2 Nc5 14.Rd1 Qc7 15.Be3 
Ne6 16.Nd4 Nc4 17.Nxe6 Bxe6 18.Bf4 Qb7 19.Rab1 Ne5 20.b4 Bg4 21.Ne2 Qa6 
22.Bxe5 Bxe5 23.Rd3 Rad8 24.Rbd1 Rxd3 25.Rxd3 Rc8 26.h3 Be6 27.f4 Bc4 28.
Rd2 Bxe2 29.Rxe2 Bd4+ 30.Kh2 Qxa3 31.Qc4 c5 32.Rc2 a5 33.bxa5 Qxa5 34.e5 
e6 35.h4 Rb8 36.Ra2 Qb4 37.Qe2 Qb1 38.Ra8 Rxa8 39.Bxa8 Qb2 40.Qxb2 Bxb2 
41.h5 c4 42.hxg6 hxg6 43.Be4 Bc1 44.Kg2 Kf8 45.Kf3 Ke7 46.g4 g5 47.fxg5 
Bxg5 48.Bc2 Bc1 49.Ke4 Bb2 50.Ba4 Kf8 51.Bb5 c3 52.Bd3 Kg7 53.Bc2 Kh6 54.
Ba4 Bc1 55.Kd3 Bd2 56.Be8 Kg7 57.Bc6 Kg6 58.Be8 Kg7 59.Bc6 Kf8 60.Bb5 Ke7 
61.Bc6 Be1 62.Be4 Kd7 63.Bh7 Bd2 64.Bg8 Ke7 65.Bh7 f6 66.exf6+ Kxf6 67.Bg8
e5 68.Bb3 Kg5 69.Ke4 1/2-1/2

[Event "17th WCh U20 Girls"]
[Site "Yerevan ARM"]
[Date "1999.09.18"]
[Round "1"]
[White "Redondo Arguelles, Graciela"]
[Black "Vo Hong Phuong"]
[Result "0-1"]
[WhiteElo "2067"]
[BlackElo "2226"]
[EventDate "1999.09.18"]
[PlyCount "162"]

1.e4 e5 2.Nf3 Nc6 3.Bb5 a6 4.Ba4 Nf6 5.O-O Be7 6.Re1 b5 7.Bb3 d6 8.c3 O-O 
9.h3 Na5 10.Bc2 c5 11.d4 Qc7 12.Nbd2 cxd4 13.cxd4 Bb7 14.Nf1 Rac8 15.Bd3 
Nc6 16.Ng3 g6 17.Bh6 Rfe8 18.Rc1 exd4 19.Nxd4 Qb6 20.Nxc6 Bxc6 21.Be3 Qb7 
22.Bd4 Nd7 23.Bb1 Nc5 24.Qg4 Ne6 25.Bc3 b4 26.Bd2 Kh8 27.Qf3 Bf8 28.Qd3 a5
29.a3 Nc5 30.Qe3 Bg7 31.axb4 axb4 32.Rc4 Na6 33.Qb3 Rb8 34.Bf4 Bd5 35.Bxd6
Bxc4 36.Qxc4 Rbd8 37.Bf4 Bxb2 38.Bd3 Bc3 39.Rb1 Nc5 40.Bc2 Rc8 41.Qa2 Re6 
42.Be3 Be5 43.f4 Bg7 44.e5 Ra6 45.Qb2 Rb6 46.Bd1 f6 47.Bg4 Rc7 48.Qd2 Qa8 
49.Rxb4 Rxb4 50.Qxb4 Nd3 51.Qd6 Ne1 52.Ne4 Rf7 53.exf6 Rxf6 54.Qe7 Rf8 55.
Bd7 h6 56.Bd2 Nd3 57.Bc3 Bxc3 58.Nxc3 Nxf4 59.Qe5+ Kh7 60.Qe7+ Kg8 61.Be6+
Kh8 62.Bd5 Qd8 63.Qxd8 Rxd8 64.Bf3 Rd3 65.Nd1 Nxh3+ 66.Kf1 Ng5 67.Be2 Ra3 
68.Kg1 Ra2 69.Bd3 Kg7 70.Kf1 Nf7 71.Be4 Nd6 72.Bd3 Kf6 73.Nf2 h5 74.g3 Nf5
75.Kg2 Nd4 76.Kf1 Nf5 77.Kg2 g5 78.g4 hxg4 79.Kg1 Ra1+ 80.Kg2 Ne3+ 81.Kg3 
Rg1+ 0-1

[Event "17th WCh U20 Girls"]
[Site "Yerevan ARM"]
[Date "1999.09.18"]
[Round "1"]
[White "Machalova, Veronika"]
[Black "Aginian, Nelly"]
[Result "1/2-1/2"]
[WhiteElo "2115"]
[BlackElo "2170"]
[EventDate "1999.09.18"]
[PlyCount "90"]

1.e4 e6 2.d4 d5 3.exd5 exd5 4.Bd3 Bd6 5.Qf3 Be6 6.Ne2 Nf6 7.h3 Nbd7 8.Bf4 
Qe7 9.Nd2 c5 10.c3 cxd4 11.Bxd6 Qxd6 12.Nxd4 O-O 13.Bc2 Qa6 14.Qd3 Qxd3 
15.Bxd3 a6 16.O-O Ne5 17.Bc2 Nc6 18.N2f3 Rac8 19.Rfe1 Rfe8 20.Rad1 g6 21.
Ne5 Nxe5 22.Rxe5 Nd7 23.Re2 Nc5 24.Rde1 Bd7 25.Rxe8+ Rxe8 26.Rxe8+ Bxe8 
27.f3 Kf8 28.Kf2 Ke7 29.b4 Ne6 30.Ke3 Kd6 31.f4 Nf8 32.g4 f6 33.Bb3 Nd7 
34.a4 b6 35.Bc2 Nb8 36.h4 a5 37.Nb5+ Kc6 38.g5 f5 39.Kd4 Nd7 40.Bb3 Bf7 
41.Na3 Kd6 42.Nc2 Nf8 43.Ke3 Ne6 44.Nd4 Nxd4 45.Kxd4 Be6 1/2-1/2

[Event "17th WCh U20 Girls"]
[Site "Yerevan ARM"]
[Date "1999.09.18"]
[Round "1"]
[White "Budylina, Sofia"]
[Black "Khukhashvili, Sopiko"]
[Result "0-1"]
[WhiteElo "2032"]
[BlackElo "2206"]
[EventDate "1999.09.18"]
[PlyCount "122"]

1.e4 c5 2.Nf3 d6 3.d4 cxd4 4.Nxd4 Nf6 5.Nc3 a6 6.Be2 e5 7.Nb3 Be7 8.O-O 
O-O 9.Be3 Be6 10.a4 Nbd7 11.a5 Rc8 12.f3 Qc7 13.Qd2 Rfd8 14.Rfd1 Nc5 15.
Nxc5 dxc5 16.Qe1 c4 17.Na4 Rxd1 18.Rxd1 Nd7 19.Kh1 Qc6 20.Nb6 Nxb6 21.Bxb6
f6 22.Qc3 Qa4 23.Qd2 Rc6 24.c3 Qb5 25.b4 Qa4 26.Kg1 h6 27.Kf2 Kh7 28.g3 
Qb3 29.Rc1 Qa3 30.Rb1 Qa4 31.Bd1 Rd6 32.Qc1 Qd7 33.Be2 f5 34.Bc5 Bg5 35.
Qf1 Rd2 36.exf5 Bxf5 37.Rd1 Qd3 38.Rxd2 Qxd2 39.Qe1 Qb2 40.Be3 Bf6 41.Qd2 
Qa1 42.Bxc4 Qh1 43.Bf1 Qxh2+ 44.Bg2 Bh3 45.Qd3+ g6 46.Qf1 e4 47.Bd2 exf3 
48.Kxf3 Bd7 49.Kf2 Be5 50.Bf4 Bxf4 51.gxf4 Bc6 52.c4 h5 53.b5 Be4 54.bxa6 
bxa6 55.c5 h4 56.Qxa6 Qg3+ 57.Ke2 Qxg2+ 58.Ke1 h3 59.Qf6 Qg1+ 60.Ke2 Qxc5 
61.Qh4+ Qh5+ 0-1

[Event "17th WCh U20 Girls"]
[Site "Yerevan ARM"]
[Date "1999.09.18"]
[Round "1"]
[White "Kuang Yinghui"]
[Black "Navabi, Shirin"]
[Result "1/2-1/2"]
[WhiteElo "2202"]
[BlackElo "2029"]
[EventDate "1999.09.18"]
[PlyCount "70"]

1.e4 e5 2.Nf3 Nf6 3.Nc3 Bb4 4.Bc4 O-O 5.O-O d6 6.Nd5 Nxd5 7.exd5 Bg4 8.Be2
Nd7 9.d4 exd4 10.Nxd4 Bxe2 11.Nxe2 Bc5 12.Ng3 Re8 13.Nh5 Ne5 14.Bd2 Qh4 
15.Nf4 Ng4 16.Nh3 h6 17.Qf3 Ne5 18.Qb3 Rab8 19.Bf4 Ng6 20.Bg3 Qe4 21.Kh1 
Qb4 22.Qxb4 Bxb4 23.c3 Bc5 24.Rfe1 a5 25.Kg1 Kf8 26.Kf1 Re7 27.Nf4 Nxf4 
28.Bxf4 b5 29.f3 b4 30.Rxe7 Kxe7 31.Bd2 Kd7 32.Re1 bxc3 33.Bxc3 Bb4 34.Kf2
Bxc3 35.bxc3 Rb5 1/2-1/2

[Event "17th WCh U20 Girls"]
[Site "Yerevan ARM"]
[Date "1999.09.19"]
[Round "2"]
[White "Jackova, Jana"]
[Black "Vajda, Szidonia"]
[Result "1-0"]
[WhiteElo "2233"]
[BlackElo "2397"]
[EventDate "1999.09.18"]
[PlyCount "73"]

1.e4 c5 2.Nf3 d6 3.d4 Nf6 4.Nc3 cxd4 5.Nxd4 a6 6.Bc4 e6 7.a3 b5 8.Ba2 Be7 
9.O-O O-O 10.Qe2 Qc7 11.f4 Nc6 12.Be3 Rb8 13.Rae1 Nxd4 14.Bxd4 b4 15.Nd1 
e5 16.Bf2 bxa3 17.bxa3 Qa5 18.Qd3 exf4 19.Nc3 Qh5 20.h3 f3 21.Bd4 fxg2 22.
Kxg2 Bb7 23.Re3 Kh8 24.Rg3 Rg8 25.Kh2 Rbc8 26.Qe3 d5 27.Rf5 Qh4 28.e5 Ne4 
29.Rg4 Rxc3 30.Bxc3 Bc5 31.Qxe4 Qd8 32.Qf4 Bc8 33.Rxf7 Bxg4 34.Qxg4 d4 35.
Rd7 Qe8 36.Bxd4 h5 37.Qe6 1-0

[Event "17th WCh U20 Girls"]
[Site "Yerevan ARM"]
[Date "1999.09.19"]
[Round "2"]
[White "Krush, Irina"]
[Black "Kouvatsou, Maria"]
[Result "0-1"]
[WhiteElo "2432"]
[BlackElo "2152"]
[EventDate "1999.09.18"]
[PlyCount "110"]

1.d4 Nf6 2.c4 g6 3.Nc3 Bg7 4.e4 d6 5.Nf3 O-O 6.Be2 e5 7.O-O Nc6 8.d5 Ne7 
9.Ne1 Nd7 10.Nd3 f5 11.Bd2 Kh8 12.Rc1 Nf6 13.f3 h5 14.c5 f4 15.Nb5 Ne8 16.
Qc2 Bd7 17.a4 g5 18.Nf2 Ng8 19.Qb3 Nh6 20.h3 Rg8 21.cxd6 cxd6 22.Rc3 a6 
23.Na3 Rb8 24.a5 Qxa5 25.Nc4 Qd8 26.Nb6 Bf6 27.Nxd7 Qxd7 28.Bxa6 b5 29.
Rfc1 Bd8 30.Bc8 Qa7 31.Be6 Bb6 32.Be1 Rf8 33.Rc8 Nc7 34.Rxf8+ Rxf8 35.Qa3 
Qxa3 36.bxa3 Nxe6 37.dxe6 Bc5 38.Bb4 Bxb4 39.axb4 Re8 40.Rc6 Rxe6 41.Rb6 
Kg7 42.Rxb5 Re8 43.Rb7+ Kf6 44.b5 Ra8 45.b6 Ra1+ 46.Kh2 Rb1 47.Rb8 Nf7 48.
h4 gxh4 49.Kh3 Rb2 50.b7 Ke7 51.Nd1 Rb1 52.Kxh4 Rxd1 53.Re8+ Kf6 54.Kxh5 
Rh1+ 55.Kg4 Nh6# 0-1

[Event "17th WCh U20 Girls"]
[Site "Yerevan ARM"]
[Date "1999.09.19"]
[Round "2"]
[White "Vo Hong Phuong"]
[Black "Mkrtchian, Lilit"]
[Result "1/2-1/2"]
[WhiteElo "2226"]
[BlackElo "2295"]
[EventDate "1999.09.18"]
[PlyCount "86"]

1.e4 e6 2.d4 d5 3.Nc3 Bb4 4.e5 c5 5.a3 Bxc3+ 6.bxc3 Qa5 7.Bd2 cxd4 8.cxd4 
Qa4 9.Nf3 b6 10.Be2 Ba6 11.O-O Bxe2 12.Qxe2 Nc6 13.Rfc1 Qc4 14.Qxc4 dxc4 
15.Bb4 Nge7 16.c3 Nd5 17.Nd2 a5 18.Bd6 Rc8 19.a4 Kd7 20.Ba3 Nce7 21.Bxe7 
Kxe7 22.g3 f6 23.exf6+ gxf6 24.Rc2 Rhg8 25.Re1 Rc6 26.Kf1 Kd7 27.Nb1 Re8 
28.Rce2 Rb8 29.Rb2 b5 30.axb5 Rcb6 31.Na3 Nxc3 32.Rc1 Nxb5 33.Nxc4 Rc6 34.
Ke1 a4 35.Kd2 Kc7 36.Na3 Nxd4 37.Rxb8 Kxb8 38.Rxc6 Nxc6 39.Kc3 Kc7 40.Nc4 
Ne7 41.Kb4 Kc6 42.Kxa4 Kd5 43.Kb4 Kd4 1/2-1/2

[Event "17th WCh U20 Girls"]
[Site "Yerevan ARM"]
[Date "1999.09.19"]
[Round "2"]
[White "Sheldon, Ruth"]
[Black "Sergeeva, Maria"]
[Result "0-1"]
[WhiteElo "2310"]
[BlackElo "2208"]
[EventDate "1999.09.18"]
[PlyCount "68"]

1.d4 Nf6 2.c4 g6 3.Nc3 Bg7 4.e4 d6 5.Be2 O-O 6.Nf3 e5 7.d5 Nbd7 8.Bg5 h6 
9.Bh4 Re8 10.Nd2 Nf8 11.O-O c5 12.a3 h5 13.f3 Bh6 14.Kh1 N8h7 15.b4 b6 16.
Qc2 Bg5 17.Be1 h4 18.bxc5 bxc5 19.Nb3 Nh5 20.Nb5 Bf4 21.Ba5 Qg5 22.Rf2 Be3
23.Bf1 N7f6 24.Nxd6 Ng3+ 25.Kg1 Nfh5 26.Bd2 Nf4 27.h3 Nxh3+ 28.Kh2 Bxf2 
29.Bd3 Nf4 30.Nxe8 Nge2 31.Nf6+ Kh8 32.Ng4 Bxg4 33.Bxe2 Bh3 34.Bxf4 Qxg2# 
0-1

[Event "17th WCh U20 Girls"]
[Site "Yerevan ARM"]
[Date "1999.09.19"]
[Round "2"]
[White "Goletiani, Rusudan"]
[Black "Machalova, Veronika"]
[Result "1-0"]
[WhiteElo "2386"]
[BlackElo "2115"]
[EventDate "1999.09.18"]
[PlyCount "99"]

1.e4 e5 2.Nf3 Nc6 3.Bb5 a6 4.Ba4 Nf6 5.O-O Be7 6.d4 b5 7.Bb3 d6 8.a4 Rb8 
9.axb5 axb5 10.d5 Nb4 11.Be3 O-O 12.Qe2 Qd7 13.Ra5 Na6 14.c4 bxc4 15.Bxc4 
Nb4 16.Bb5 c6 17.dxc6 Nxc6 18.Ra4 Qb7 19.Na3 Be6 20.Rc1 Rfc8 21.Rc3 Rc7 
22.Bxc6 Rxc6 23.Ra7 Qc8 24.Rxc6 Qxc6 25.Rxe7 Bd7 26.Ng5 h6 27.Nxf7 Kf8 28.
Nxe5 dxe5 29.Rxe5 Nxe4 30.Rxe4 Rxb2 31.Qxb2 Qxe4 32.Qb8+ Kf7 33.Qf4+ Qxf4 
34.Bxf4 Kf6 35.f3 g5 36.Bd2 Bf5 37.Kf2 Bd3 38.Ke3 Bf1 39.g4 Kg6 40.Nc2 h5 
41.Nd4 Bh3 42.Kf2 hxg4 43.Kg3 Kf6 44.fxg4 Bf1 45.Nf3 Bd3 46.Bxg5+ Kg7 47.
h4 Kh7 48.h5 Bc4 49.Ne5 Be6 50.Bf6 1-0

[Event "17th WCh U20 Girls"]
[Site "Yerevan ARM"]
[Date "1999.09.19"]
[Round "2"]
[White "Khukhashvili, Sopiko"]
[Black "Shahade, Jennifer"]
[Result "1-0"]
[WhiteElo "2206"]
[BlackElo "2290"]
[EventDate "1999.09.18"]
[PlyCount "87"]

1.e4 c5 2.Nf3 d6 3.d4 Nf6 4.Nc3 cxd4 5.Nxd4 g6 6.Be3 Bg7 7.f3 Nc6 8.Qd2 
O-O 9.Bc4 a5 10.g4 Nxd4 11.Bxd4 Be6 12.Be2 a4 13.a3 Qa5 14.Qe3 Nd7 15.Bxg7
Kxg7 16.h4 Qb6 17.Qc1 Rfc8 18.h5 Nf8 19.hxg6 fxg6 20.Qh6+ Kg8 21.O-O-O 
Rxc3 22.bxc3 Qc5 23.Kb2 Rc8 24.Qd2 Qb6+ 25.Ka1 Qc5 26.Qc1 b5 27.Qb2 Qe3 
28.Rhe1 Rxc3 29.Rd3 Rxd3 30.cxd3 Nd7 31.d4 Nb6 32.d5 Nc4 33.Qb4 Qd4+ 34.
Ka2 Bd7 35.Rc1 Qf2 36.Rc2 Ne5 37.Qc3 Qg1 38.Rb2 Qg3 39.Qc7 Kf7 40.Qd8 Be8 
41.Rc2 Bd7 42.Rb2 Be8 43.Qc8 Nxf3 44.Qc3 1-0

[Event "17th WCh U20 Girls"]
[Site "Yerevan ARM"]
[Date "1999.09.19"]
[Round "2"]
[White "Mohota, Nisha"]
[Black "Tkeshelashvili, Sopio"]
[Result "0-1"]
[WhiteElo "2198"]
[BlackElo "2284"]
[EventDate "1999.09.18"]
[PlyCount "114"]

1.d4 d5 2.c4 c6 3.cxd5 cxd5 4.Nc3 Nc6 5.Bf4 Nf6 6.e3 e6 7.Bd3 a6 8.Rc1 Be7
9.h3 O-O 10.Nf3 Bd7 11.O-O b5 12.Ne5 Na5 13.Qe2 Nc4 14.Bxc4 dxc4 15.Qf3 
Rc8 16.Rfd1 b4 17.Nb1 Ba4 18.Rd2 c3 19.bxc3 bxc3 20.Rd3 c2 21.Nd2 Bb5 22.
Rb3 Qa5 23.e4 Qxa2 24.g4 Nd7 25.Nxd7 Bxd7 26.d5 exd5 27.exd5 Bf6 28.Ra3 
Qb2 29.Ne4 Be5 30.Bd2 Bb5 31.Rb3 Qa2 32.Ra3 Qb1 33.Nc3 Qb4 34.Ne4 Qc4 35.
Bc3 f6 36.d6 Bc6 37.d7 Rb8 38.Bxe5 fxe5 39.Nd2 Qc5 40.Rc3 Bxf3 41.Rxc5 Bd1
42.Rxe5 Rfd8 43.Rd5 Rb7 44.Kg2 Rdxd7 45.Rxd7 Rxd7 46.Nc4 Rb7 47.Na3 Rc7 
48.Kf1 Rc3 49.Nxc2 Bxc2 50.Ke1 Rc6 51.Kd2 Ba4 52.Ra1 Bb5 53.f4 Rc4 54.f5 
Kf7 55.Re1 Rd4+ 56.Kc2 Rd3 57.Rh1 Rg3 0-1

[Event "17th WCh U20 Girls"]
[Site "Yerevan ARM"]
[Date "1999.09.19"]
[Round "2"]
[White "Navabi, Shirin"]
[Black "Cmilyte, Viktorija"]
[Result "0-1"]
[WhiteElo "2029"]
[BlackElo "2354"]
[EventDate "1999.09.18"]
[PlyCount "52"]

1.c4 e5 2.Nc3 Nc6 3.Nf3 g6 4.g3 Bg7 5.Bg2 f5 6.d3 Nf6 7.O-O O-O 8.Rb1 h6 
9.b4 d6 10.b5 Ne7 11.Bd2 g5 12.e3 Ng6 13.Ne1 f4 14.Ne4 g4 15.Nxf6+ Qxf6 
16.f3 Qg5 17.exf4 exf4 18.Qb3 Qc5+ 19.Kh1 fxg3 20.hxg3 Qh5+ 21.Kg1 Bd4+ 
22.Rf2 gxf3 23.c5+ Kh7 24.Nxf3 Rxf3 25.Qd1 Rxf2 26.Qxh5 Rf5+ 0-1

[Event "17th WCh U20 Girls"]
[Site "Yerevan ARM"]
[Date "1999.09.19"]
[Round "2"]
[White "Matras, Agnieszka"]
[Black "Kuang Yinghui"]
[Result "0-1"]
[WhiteElo "2146"]
[BlackElo "2202"]
[EventDate "1999.09.18"]
[PlyCount "66"]

1.e4 e5 2.Nf3 Nc6 3.Nc3 Nf6 4.d4 exd4 5.Nxd4 d6 6.Be2 Be7 7.O-O O-O 8.Be3 
Bd7 9.f4 Nxd4 10.Bxd4 Bc6 11.Bf3 Nd7 12.Qd2 Bf6 13.Rad1 Re8 14.Qf2 Bxd4 
15.Rxd4 Qe7 16.Nd5 Bxd5 17.exd5 Qf6 18.c4 Re7 19.b4 a5 20.a3 axb4 21.axb4 
Ra3 22.Bg4 Nf8 23.c5 Rae3 24.Qd2 h6 25.Rc4 R3e4 26.Qc2 Re1 27.Qd2 Rxf1+ 
28.Kxf1 Ng6 29.h3 Ne5 30.Rd4 Ng6 31.Rc4 Nh4 32.Qd4 Qg6 33.Qf2 Qb1+ 0-1

[Event "17th WCh U20 Girls"]
[Site "Yerevan ARM"]
[Date "1999.09.19"]
[Round "2"]
[White "Gritsaeva, Oxana"]
[Black "Sahakian, Nonna"]
[Result "1-0"]
[WhiteElo "2248"]
[BlackElo "2093"]
[EventDate "1999.09.18"]
[PlyCount "97"]

1.e4 c5 2.Nf3 e6 3.d3 Nc6 4.g3 d5 5.Nbd2 g6 6.Bg2 Bg7 7.Qe2 Nge7 8.O-O b6 
9.Re1 a5 10.e5 Qc7 11.Nf1 Nd4 12.Nxd4 cxd4 13.h4 Nc6 14.Bf4 Nb4 15.a3 Nc6 
16.Nh2 h5 17.Nf3 Ba6 18.Qd2 O-O 19.Bh6 Rfc8 20.Bxg7 Kxg7 21.Qf4 b5 22.Rac1
Qb6 23.Qf6+ Kg8 24.Ng5 Ra7 25.Nxe6 fxe6 26.Qxg6+ Kh8 27.Qxe6 Qd8 28.Bxd5 
Qe7 29.Qh6+ Qh7 30.Qf4 Rac7 31.Qg5 Rg7 32.Qf6 Qg6 33.Qf4 Re8 34.Kh2 Bc8 
35.e6 Ne7 36.Ba2 Nf5 37.Re5 Ne7 38.Rg5 Qh6 39.Qxd4 Nc6 40.Qc3 Bb7 41.Re1 
b4 42.Qc5 Rxg5 43.hxg5 Qg7 44.c3 bxc3 45.bxc3 Qg6 46.Bc4 Nd8 47.Qe5+ Qg7 
48.Qf6 Nc6 49.f4 1-0

[Event "17th WCh U20 Girls"]
[Site "Yerevan ARM"]
[Date "1999.09.19"]
[Round "2"]
[White "Aginian, Nelly"]
[Black "Stajic, Snezana"]
[Result "1-0"]
[WhiteElo "2170"]
[BlackElo "2078"]
[EventDate "1999.09.18"]
[PlyCount "61"]

1.e4 c5 2.Nf3 Nc6 3.d4 cxd4 4.Nxd4 Nf6 5.Nc3 d6 6.f4 Qb6 7.Nb3 e6 8.Qf3 
Be7 9.Be3 Qc7 10.g4 O-O 11.g5 Nd7 12.Bd3 Re8 13.h4 a6 14.h5 Nb4 15.O-O-O 
Nxd3+ 16.cxd3 b5 17.Kb1 Bb7 18.Qh3 b4 19.Ne2 a5 20.g6 Bf6 21.Rhg1 a4 22.
gxf7+ Kxf7 23.Nbd4 Nc5 24.h6 g6 25.f5 exf5 26.exf5 a3 27.fxg6+ hxg6 28.
Rxg6 axb2 29.Qf5 Nd7 30.Rg7+ Kf8 31.Rxd7 1-0

[Event "17th WCh U20 Girls"]
[Site "Yerevan ARM"]
[Date "1999.09.19"]
[Round "2"]
[White "Sorokina, Anastasia"]
[Black "Redondo Arguelles, Graciela"]
[Result "1-0"]
[WhiteElo "2162"]
[BlackElo "2067"]
[EventDate "1999.09.18"]
[PlyCount "111"]

1.e4 e6 2.d4 d5 3.exd5 exd5 4.Nc3 c6 5.Bd3 Bd6 6.Qf3 Qf6 7.Qe2+ Ne7 8.Nf3 
Bg4 9.Be3 Nd7 10.h3 Bxf3 11.gxf3 O-O-O 12.Rg1 h6 13.O-O-O g5 14.Rde1 Nf8 
15.Qd1 Ne6 16.Kb1 Kb8 17.Rg4 Bf4 18.Bf1 Nf5 19.Qd3 Nfxd4 20.Ne2 Bxe3 21.
Qxe3 Nxf3 22.Rd1 d4 23.Qb3 Nh2 24.Qg3+ Ka8 25.Qxh2 Rhe8 26.Nc1 Qf3 27.Be2 
Qd5 28.Qh1 Qa5 29.Bc4 f5 30.Rgg1 Nf4 31.Qf3 Qb4 32.Bb3 c5 33.Nd3 Nxd3 34.
Qxd3 Re4 35.c3 Qb6 36.cxd4 Rdxd4 37.Qc3 a6 38.Rxd4 cxd4 39.Qd3 Rf4 40.f3 
Qc6 41.Rf1 Qg6 42.Bd5 Qd6 43.Qb3 Qd7 44.Re1 Ka7 45.Qc4 Qb5 46.Qxb5 axb5 
47.Kc2 Rh4 48.Rh1 Kb6 49.Kd3 Kc7 50.Re1 Rxh3 51.Kxd4 Rh2 52.b4 g4 53.fxg4 
fxg4 54.Kc5 Rh5 55.Re7+ Kc8 56.Kd6 1-0

[Event "17th WCh U20 Girls"]
[Site "Yerevan ARM"]
[Date "1999.09.19"]
[Round "2"]
[White "Klimenko, Veronica"]
[Black "Budylina, Sofia"]
[Result "0-1"]
[WhiteElo "2100"]
[BlackElo "2032"]
[EventDate "1999.09.18"]
[PlyCount "62"]

1.e4 c5 2.Nc3 e6 3.g3 Nc6 4.Bg2 Nf6 5.Nge2 Be7 6.O-O d6 7.d4 cxd4 8.Nxd4 
O-O 9.Be3 a6 10.Qe2 Qc7 11.f4 Rd8 12.Rad1 Nxd4 13.Rxd4 Bd7 14.f5 Rac8 15.
g4 d5 16.g5 Nxe4 17.Bxe4 dxe4 18.Rxe4 Bc5 19.f6 Bxe3+ 20.Rxe3 Qb6 21.fxg7 
Bc6 22.Qf2 Rc7 23.h4 Rd4 24.Rg3 Qb4 25.a3 Qd6 26.h5 Rh4 27.Rg2 Bxg2 28.
Qxh4 Bxf1 29.Kxf1 Rc5 30.g6 Rf5+ 31.Kg1 Qc5+ 0-1

[Event "17th WCh U20 Girls"]
[Site "Yerevan ARM"]
[Date "1999.09.20"]
[Round "3"]
[White "Cmilyte, Viktorija"]
[Black "Vo Hong Phuong"]
[Result "1-0"]
[WhiteElo "2354"]
[BlackElo "2226"]
[EventDate "1999.09.18"]
[PlyCount "83"]

1.d4 d5 2.c4 e6 3.Nf3 Nf6 4.Nc3 Nbd7 5.Bg5 Be7 6.e3 O-O 7.Qc2 c6 8.Rd1 Qa5
9.a3 a6 10.c5 b6 11.b4 Qxa3 12.Na2 Bxc5 13.dxc5 Nxc5 14.bxc5 bxc5 15.Bd3 
c4 16.Be2 Ne4 17.O-O f6 18.Bh4 Nd6 19.Nc3 e5 20.e4 d4 21.Nxd4 exd4 22.Rxd4
Be6 23.Bg3 Nf7 24.Bxc4 c5 25.Nb1 Qb4 26.Bd6 Rfd8 27.Bxe6 Qxd4 28.Bxc5 Qe5 
29.Qc4 Qh5 30.Nc3 Re8 31.g4 Qg6 32.Be3 Kh8 33.Bf5 Nd6 34.Bxg6 Nxc4 35.Bxe8
Rxe8 36.Bf4 Kg8 37.Ra1 Ra8 38.Ra4 Nb2 39.Rd4 Rc8 40.Na4 Nc4 41.Rd7 g5 42.
Rc7 1-0

[Event "17th WCh U20 Girls"]
[Site "Yerevan ARM"]
[Date "1999.09.20"]
[Round "3"]
[White "Nill, Jessica"]
[Black "Goletiani, Rusudan"]
[Result "1/2-1/2"]
[WhiteElo "2168"]
[BlackElo "2386"]
[EventDate "1999.09.18"]
[PlyCount "41"]

1.d4 Nf6 2.c4 e6 3.Nc3 Bb4 4.Qc2 c5 5.dxc5 Bxc5 6.Nf3 Nc6 7.Bf4 a6 8.e3 
O-O 9.h3 d5 10.O-O-O Qa5 11.Kb1 dxc4 12.Bxc4 b5 13.Bb3 Bb7 14.Ne4 Nb4 15.
Nxf6+ gxf6 16.Qxc5 Be4+ 17.Ka1 Rac8 18.Qe7 Qxa2+ 19.Bxa2 Nc2+ 20.Kb1 Na3+ 
21.Ka1 1/2-1/2